Obálka Náhled e-knihy:
PDF Epub
Pro půjčování e-knih musíte být přihlášeni.
Jak si půjčit online?

Pomněnka. Co za světla není vidět /

Úvodní kniha romantické fantasy série zkušené německé autorky.

Uloženo v:
Série:Pomněnka, část 1
Hlavní autor: Gier, Kerstin, 1966- (Autor)
Další autoři: Eliášová, Tereza (Autor)
Médium: E-kniha
Jazyk:Czech
Vydáno: V Praze : CooBoo, 2022
Vydání:1. vydání
Témata:
Příbuzné jednotky:Z cyklu:: Pomněnka
Tagy:
Žádné tagy
LEADER 02874nam a2200565 i 4500
001 311747
003 CZ PrSKC
005 20260601215711.0
007 ta
008 221121s2022 xr d 000 f cze
015 |a cnb003472459 
020 |a 9788076616431  |q (vázáno) 
035 |a (OCoLC)1357139603 
040 |a ABG001  |b cze  |d ABA001  |e rda 
041 1 |a cze  |h ger 
072 7 |a 821.112.2-3  |x Německá próza, německy psaná  |2 Konspekt 
072 7 |a 821-93  |x Literatura pro děti a mládež (beletrie)  |2 Konspekt 
080 |a 821.112.2-31  |2 MRF 
080 |a 821-93-053.67  |2 MRF 
080 |a 821-93  |2 MRF 
080 |a (0:82-312.9)  |2 MRF 
100 1 |a Gier, Kerstin,  |d 1966-  |7 ola20050317001  |4 aut 
240 1 0 |a Vergissmeinnicht - was man bei Licht nicht sehen kann.  |l Česky 
245 1 0 |a Pomněnka.  |p Co za světla není vidět /  |c Kerstin Gierová ; přeložila Tereza Eliášová 
246 3 0 |a Co za světla není vidět 
250 |a 1. vydání 
264 1 |a V Praze :  |b CooBoo,  |c 2022 
300 |a 402 stran ;  |c 21 cm 
336 |a text  |b txt  |2 rdacontent 
337 |a bez média  |b n  |2 rdamedia 
338 |a svazek  |b nc  |2 rdacarrier 
500 |a Přeloženo z němčiny 
520 2 |a Úvodní kniha romantické fantasy série zkušené německé autorky.  |b Quinn je cool a oblíbený. Matilda má nos věčně zabořený ve fantasy románech a rozhodně není jeho typ. Když však Quinna jedné noci napadnou strašidelné bytosti, spatří věci, které nejsou z tohoto světa. Komu se ale svěřit s tím, že se na vás šklebí lebky a sochy najednou mluví? Nejlépe holce odnaproti, která je vám úplně ukradená. Quinn neplánoval, že se s Matildou vrhne do nebezpečného kouzelného dobrodružství. A už vůbec ne, že se bláznivě zamiluje... Nakladatelská anotace. 
655 7 |a německé romány  |7 fd132945  |2 czenas 
655 7 |a fantasy romány  |7 fd184199  |2 czenas 
655 7 |a literatura young adult  |7 fd1185572  |2 czenas 
655 7 |a publikace pro mládež  |7 fd133157  |2 czenas 
655 9 |a German fiction  |2 eczenas 
655 9 |a fantasy novels  |2 eczenas 
655 9 |a young adult literature  |2 eczenas 
655 9 |a juvenile literature  |2 eczenas 
700 1 |a Eliášová, Tereza  |7 mub2018985887  |4 trl 
765 1 |t Was man bei Licht nicht sehen kann 
787 0 8 |i Z cyklu:  |t Pomněnka  |g 1 
900 |a ABA001  |b 20 
928 9 |a Albatros Media - CooBoo 
044 |a xr 
910 |a RBIT002 
998 |d 363175  |a https://core.palmknihy.cz/api/books/363175/cover?si60uz  |b https://core.palmknihy.cz/api/books/363175/cover/400?si60uz  |c https://core.palmknihy.cz/api/books/363175/cover/50?si60uz  |e 2026-07-26  |g 400  |i 9788076616431  |j https://core.palmknihy.cz/api/books/363175/preview.epub  |k https://core.palmknihy.cz/api/books/363175/preview.pdf  |l   |q 49  |r 1  |s https://www.palmknihy.cz/kniha/363175  |t ebook  |y 2022  |z 0  |v Pomněnka  |w 1 
999 |d 311745